<?xml version="1.0" encoding="UTF-8"?><?xml-stylesheet type="text/xsl" href="static/style.xsl"?><OAI-PMH xmlns="http://www.openarchives.org/OAI/2.0/" xmlns:xsi="http://www.w3.org/2001/XMLSchema-instance" xsi:schemaLocation="http://www.openarchives.org/OAI/2.0/ http://www.openarchives.org/OAI/2.0/OAI-PMH.xsd"><responseDate>2026-04-17T15:49:42Z</responseDate><request verb="GetRecord" identifier="oai:www.recercat.cat:2445/226216" metadataPrefix="marc">https://recercat.cat/oai/request</request><GetRecord><record><header><identifier>oai:recercat.cat:2445/226216</identifier><datestamp>2026-04-08T14:25:09Z</datestamp><setSpec>com_2072_1057</setSpec><setSpec>col_2072_478815</setSpec><setSpec>col_2072_478917</setSpec></header><metadata><record xmlns="http://www.loc.gov/MARC21/slim" xmlns:dcterms="http://purl.org/dc/terms/" xmlns:xsi="http://www.w3.org/2001/XMLSchema-instance" xmlns:doc="http://www.lyncode.com/xoai" xsi:schemaLocation="http://www.loc.gov/MARC21/slim http://www.loc.gov/standards/marcxml/schema/MARC21slim.xsd">
   <leader>00925njm 22002777a 4500</leader>
   <datafield ind2=" " ind1=" " tag="042">
      <subfield code="a">dc</subfield>
   </datafield>
   <datafield ind2=" " ind1=" " tag="720">
      <subfield code="a">Torres-Novellas, Berta</subfield>
      <subfield code="e">author</subfield>
   </datafield>
   <datafield ind2=" " ind1=" " tag="720">
      <subfield code="a">Guayta, Rafael (Guayta Escolies)</subfield>
      <subfield code="e">author</subfield>
   </datafield>
   <datafield ind2=" " ind1=" " tag="720">
      <subfield code="a">Rius, Pilar</subfield>
      <subfield code="e">author</subfield>
   </datafield>
   <datafield ind2=" " ind1=" " tag="720">
      <subfield code="a">Castellà, Amparo</subfield>
      <subfield code="e">author</subfield>
   </datafield>
   <datafield ind2=" " ind1=" " tag="720">
      <subfield code="a">Gascón Lecha, M. Pilar</subfield>
      <subfield code="e">author</subfield>
   </datafield>
   <datafield ind2=" " ind1=" " tag="720">
      <subfield code="a">Modamio Charles, Pilar</subfield>
      <subfield code="e">author</subfield>
   </datafield>
   <datafield ind2=" " ind1=" " tag="720">
      <subfield code="a">Mariño Hernández, Eduardo L.</subfield>
      <subfield code="e">author</subfield>
   </datafield>
   <datafield ind2=" " ind1=" " tag="260">
      <subfield code="c">2026-01-27T10:05:55Z</subfield>
   </datafield>
   <datafield ind2=" " ind1=" " tag="260">
      <subfield code="c">2026-01-27T10:05:55Z</subfield>
   </datafield>
   <datafield ind2=" " ind1=" " tag="260">
      <subfield code="c">2021</subfield>
   </datafield>
   <datafield ind2=" " ind1=" " tag="260">
      <subfield code="c">2026-01-27T10:05:55Z</subfield>
   </datafield>
   <datafield ind2=" " ind1=" " tag="520">
      <subfield code="a">The prevalence of elderly patients with chronic illnesses, associated polypharmacy and a high risk of functional and cognitive impairment has increased in recent&lt;/p>&lt;p>years. The care of Complex Chronic Patients (CCP) therefore represents a challenge for health systems in developed countries around the world. This paper presents&lt;/p>&lt;p>a study protocol that will explore the effects of an intervention within a pharmaceutical care programme (PCAF) on optimising CCP care and on the suitability of&lt;/p>&lt;p>the organisational methods proposed for the PCAF programme.&lt;/p>&lt;p>This is a multicentre experimental study. The setting will be primary health care and community pharmacies in the so-called ‘autonomous community’ of Catalonia&lt;/p>&lt;p>in Spain. The participants will be CPP attended to Primary Healthcare Centres with the CCP code in their electronic medical record. The included CCP will be&lt;/p>&lt;p>distributed in two strata depending on whether they will be considered likely to receive the arranged medicinal treatment as Monitored Dosage System according&lt;/p>&lt;p>to benefits based on criteria or not. They will then be assigned by random stratified sampling at a ratio of 1:1 to the control or intervention groups. A sample size of&lt;/p>&lt;p>860 patients is estimated. Patients will undergo 12 months follow-up. The primary outcome of this study will be the medication adherence measured by the Morisky&lt;/p>&lt;p>Green Test and the billing/prescription ratio.</subfield>
   </datafield>
   <datafield tag="653" ind2=" " ind1=" ">
      <subfield code="a">Malalties cròniques</subfield>
   </datafield>
   <datafield tag="653" ind2=" " ind1=" ">
      <subfield code="a">Atenció farmacèutica</subfield>
   </datafield>
   <datafield tag="653" ind2=" " ind1=" ">
      <subfield code="a">Chronic diseases</subfield>
   </datafield>
   <datafield tag="653" ind2=" " ind1=" ">
      <subfield code="a">Pharmacy practice</subfield>
   </datafield>
   <datafield ind2="0" ind1="0" tag="245">
      <subfield code="a">A study protocol for an experimental study for a pharmaceutical care programme to improve chronic complex disease management: PCAF programme</subfield>
   </datafield>
</record></metadata></record></GetRecord></OAI-PMH>